[Event "Suizo"]
[Site "?"]
[Date "2016.03.05"]
[Round "?"]
[White "arodriguez"]
[Black "cbiancolillo"]
[Result "1-0"]
[WhiteElo "1869"]
[BlackElo "1620"]
[PlyCount "57"]
[EventDate "2016.??.??"]

1. d4 e5 2. dxe5 Nc6 3. Nf3 Bc5 4. Nc3 b6 5. Bf4 Bb7 6. e3 Qe7 7. Nd5 Qe6 8.
Nxc7+ Ke7 9. Nxe6 fxe6 10. Bg5+ Nf6 11. exf6+ gxf6 12. Bf4 e5 13. Bg3 Rae8 14.
Bc4 Kd8 15. Qd2 Kc8 16. O-O-O Rd8 17. Nh4 Kb8 18. Bd5 d6 19. Bxc6 Bxc6 20. b4
Rd7 21. bxc5 dxc5 22. Qxd7 Bxd7 23. Rxd7 Rc8 24. Rxh7 a5 25. Rd1 a4 26. Rdd7 a3
27. Rb7+ Ka8 28. Ra7+ Kb8 29. Rhb7# 1-0